MARC

LEADER 00000nam0a2200000 4500
001 195146
005 20231031182719.0
035 |a (RuTPU)RU\TPU\book\212877 
090 |a 195146 
100 |a 20110504d1981 m y0rusy50 ca 
101 0 |a rus 
102 |a RU 
105 |a a j 001zy 
200 1 |a Математическая логика  |e учебник  |f И. Л. Никольская 
210 |a Москва  |c Высшая школа  |d 1981 
215 |a 128 с.  |c ил. 
320 |a Библиогр.: с. 123 
320 |a Предметный указатель: с. 124-125 
610 1 |a математическая логика 
610 1 |a логические операции 
610 1 |a язык 
610 1 |a обратные предложения 
610 1 |a противоположные предложения 
610 1 |a логическое следование 
610 1 |a нормальные формы 
610 1 |a схемы 
610 1 |a предикаты 
610 1 |a свойства 
610 1 |a отношения 
610 1 |a кванторы 
610 1 |a учебники 
675 |a 510.6(075.8)  |v 4 
700 1 |a Никольская  |b И. Л.  |g Инна Львовна 
801 1 |a RU  |b 63413507  |c 20110504 
801 2 |a RU  |b 63413507  |c 20181022  |g RCR 
942 |c BK